[Event "SB-2017-0-00500"]
[Site "LSS email"]
[Date "2017.06.09"]
[Round "?"]
[White "Michos, Dionysis"]
[Black "Lisakowski, Christof"]
[Result "1-0"]
[WhiteElo "1917"]
[BlackElo "1883"]
[PlyCount "95"]
[EventDate "2017.05.03"]
[EventType "tourn (corr)"]
[EventRounds "6"]
[EventCountry "GER"]
[SourceTitle "Corr 2022"]
[Source "ChessBase"]
[SourceDate "2021.10.24"]
[SourceVersion "1"]
[SourceVersionDate "2021.10.24"]
[SourceQuality "1"]

1. d4 d5 2. e4 dxe4 3. Nc3 Nf6 4. f3 exf3 5. Nxf3 g6 6. Bf4 Bg7 7. Qd2 0-0 8. 0-0-0 c5 9. d5 a6 10. Be2 e6 11. dxe6 Qxd2+ 12. Nxd2 Bxe6 13. Nb3 b6 14. Bf3 Ra7 15. Rhe1 Rc8 16. h3 h5 17. a3 Bf8 18. Kb1 b5 19. Na5 Rd7 20. Ne4 Rxd1+ 21. Rxd1 Nxe4 22. Bxe4 Be7 23. Bb7 Rf8 24. Nb3 c4 25. Nd4 Bd7 26. Be5 Re8 27. Bd5 Bf8 28. Bc7 Kg7 29. Bf3 h4 30. Bf4 f6 31. Bh2 Kh6 32. a4 bxa4 33. Bd5 g5 34. Bf7 Rc8 35. Ne6 Be8 36. Bxe8 Rxe8 37. Nxf8 Rxf8 38. Rd6 Kh5 39. Kc1 f5 40. Be5 Rf7 41. Rd8 Nc6 42. Rh8+ Kg6 43. Rg8+ Kh6 44. Bd6 Ne7 45. Rh8+ Kg6 46. Kd2 f4 47. Bc5 Nd5 48. Rd8 1-0

[Event "SB-2017-0-00500"]
[Site "LSS email"]
[Date "2017.06.09"]
[Round "?"]
[White "Pilgram, Kurt"]
[Black "Lisakowski, Christof"]
[Result "1/2-1/2"]
[WhiteElo "2010"]
[BlackElo "1883"]
[PlyCount "85"]
[EventDate "2017.05.03"]
[EventType "tourn (corr)"]
[EventRounds "6"]
[EventCountry "GER"]
[SourceTitle "Corr 2022"]
[Source "ChessBase"]
[SourceDate "2021.10.24"]
[SourceVersion "1"]
[SourceVersionDate "2021.10.24"]
[SourceQuality "1"]

1. e4 c6 2. d4 d5 3. e5 Bf5 4. Nf3 e6 5. Be2 Ne7 6. 0-0 Nd7 7. c3 h6 8. a4 a6 9. b4 a5 10. Na3 Bg6 11. Qb3 Qb6 12. Bb2 axb4 13. cxb4 Nc8 14. Bc3 Be7 15. Rfc1 0-0 16. Nc2 Qc7 17. Nce1 f6 18. a5 Qb8 19. Nd3 Na7 20. Nf4 Bf5 21. Nh4 fxe5 22. Nxf5 Rxf5 23. Nxe6 e4 24. g3 Rf7 25. a6 Nf8 26. Nxf8 Bxf8 27. Bd2 bxa6 28. Be3 Qxb4 29. Qxb4 Bxb4 30. Rxa6 Rb8 31. Bf4 Rd8 32. Bg4 Kh7 33. Rca1 Nb5 34. Rb1 Bd6 35. Rxc6 Na3 36. Ra1 Bxf4 37. Rxa3 Bg5 38. h4 Bf6 39. Be6 Rb7 40. Ra5 Rb1+ 41. Kg2 Rb2 42. Bxd5 e3 43. Be4+ 1/2-1/2

[Event "SB-2017-0-00499"]
[Site "LSS email"]
[Date "2017.06.04"]
[Round "?"]
[White "Herzog, Klaus"]
[Black "Lisakowski, Christof"]
[Result "0-1"]
[WhiteElo "1873"]
[BlackElo "1882"]
[PlyCount "54"]
[EventDate "2017.04.27"]
[EventType "tourn (corr)"]
[EventRounds "6"]
[EventCountry "GER"]
[SourceTitle "Corr 2022"]
[Source "ChessBase"]
[SourceDate "2021.10.24"]
[SourceVersion "1"]
[SourceVersionDate "2021.10.24"]
[SourceQuality "1"]

1. e4 e5 2. Nf3 Nc6 3. Bc4 Bc5 4. b4 Bxb4 5. c3 Ba5 6. d4 exd4 7. 0-0 Nf6 8. Ba3 d6 9. e5 Ne4 10. exd6 cxd6 11. Bd5 Nxc3 12. Nxc3 Bxc3 13. Bxc6+ bxc6 14. Nxd4 c5 15. Nb5 Bxa1 16. Nxd6+ Kf8 17. Bxc5 Kg8 18. Qxa1 h5 19. Qd4 Be6 20. f4 Qf6 21. Qd2 Bf5 22. Re1 Rd8 23. Re5 h4 24. Qd5 Be6 25. Qf3 h3 26. g3 Rb8 27. Kf2 Rh6 0-1

[Event "SB-2017-0-00496"]
[Site "LSS email"]
[Date "2017.05.03"]
[Round "?"]
[White "Langheld, Werner"]
[Black "Lisakowski, Christof"]
[Result "1/2-1/2"]
[WhiteElo "2035"]
[BlackElo "1866"]
[PlyCount "59"]
[EventDate "2017.04.04"]
[EventType "tourn (corr)"]
[EventRounds "6"]
[EventCountry "GER"]
[SourceTitle "Corr 2022"]
[Source "ChessBase"]
[SourceDate "2021.10.24"]
[SourceVersion "1"]
[SourceVersionDate "2021.10.24"]
[SourceQuality "1"]

1. e4 c5 2. b4 cxb4 3. a3 d5 4. exd5 Qxd5 5. Nf3 e5 6. c4 Qe6 7. Bd3 e4 8. 0-0 Qf6 9. Bxe4 Qxa1 10. Qb3 Qf6 11. Re1 Be7 12. axb4 Qf4 13. Bb2 Kf8 14. Nc3 Nf6 15. Ba3 Nbd7 16. Nd5 Nxd5 17. Bxd5 Nb6 18. b5 Be6 19. Bxe7+ Kxe7 20. g3 Qd6 21. Bxe6 fxe6 22. Qc3 Rhf8 23. Ng5 Rf6 24. Rxe6+ Qxe6 25. Nxe6 Kxe6 26. Qd4 Ke7 27. Qe4+ Kf8 28. c5 Re8 29. Qxh7 Nc8 30. d4 1/2-1/2

[Event "SC-2017-0-00315"]
[Site "LSS email"]
[Date "2017.01.28"]
[Round "?"]
[White "Lisakowski, Christof"]
[Black "Gulbis, Harijs"]
[Result "1-0"]
[WhiteElo "1761"]
[BlackElo "1845"]
[PlyCount "59"]
[EventDate "2016.12.11"]
[EventType "tourn (corr)"]
[EventRounds "6"]
[EventCountry "GER"]
[SourceTitle "Corr 2022"]
[Source "ChessBase"]
[SourceDate "2021.10.24"]
[SourceVersion "1"]
[SourceVersionDate "2021.10.24"]
[SourceQuality "1"]

1. c4 Nf6 2. Nc3 e5 3. Nf3 Nc6 4. g3 d5 5. cxd5 Nxd5 6. Bg2 Nb6 7. 0-0 Be7 8. a3 0-0 9. b4 a6 10. d3 h6 11. Bb2 Bf5 12. Rc1 Qd7 13. Ne4 Bxe4 14. dxe4 Qxd1 15. Rfxd1 Rad8 16. Nxe5 Bf6 17. Rxd8 Rxd8 18. Nxc6 bxc6 19. e5 Be7 20. Rxc6 Rd2 21. Bc1 Rxe2 22. Rxc7 Rxe5 23. Be3 Bd8 24. Bxb6 Bxc7 25. Bxc7 Re1+ 26. Bf1 Ra1 27. Bd6 Rxa3 28. b5 Ra4 29. b6 Ra1 30. b7 1-0

[Event "ZI-2017-0-02256"]
[Site "LSS email"]
[Date "2017.01.09"]
[Round "?"]
[White "Correa de Almeida, Claudio"]
[Black "Lisakowski, Christof"]
[Result "0-1"]
[WhiteElo "1566"]
[BlackElo "1761"]
[PlyCount "84"]
[EventDate "2016.12.26"]
[EventType "match (corr)"]
[EventRounds "2"]
[EventCountry "GER"]
[SourceTitle "Corr 2022"]
[Source "ChessBase"]
[SourceDate "2021.10.24"]
[SourceVersion "1"]
[SourceVersionDate "2021.10.24"]
[SourceQuality "1"]

1. e4 c5 2. Nf3 d6 3. d4 cxd4 4. Nxd4 Nf6 5. Nc3 a6 6. Nb3 e6 7. g4 h6 8. Bg2 e5 9. h3 Be7 10. Be3 0-0 11. Qd3 a5 12. 0-0-0 a4 13. Nd2 a3 14. bxa3 Rxa3 15. Nc4 Ra6 16. f4 exf4 17. Bxf4 Be6 18. Nd5 Bxd5 19. exd5 Nfd7 20. Rhe1 b5 21. Nd2 Rxa2 22. Nb3 Na6 23. Qxb5 Nac5 24. Re2 Bf6 25. Rde1 Nxb3+ 26. cxb3 Qa8 27. Rxa2 Qxa2 28. Qxd7 Qa1+ 29. Kd2 Bc3+ 30. Kc2 Bxe1 31. Bc1 Qc3+ 32. Kd1 Bh4 33. Qc6 Qe1+ 34. Kc2 Qe2+ 35. Kb1 Qxg2 36. Bb2 Qxh3 37. Qb7 Qxg4 38. Ka2 Qd1 39. Ka3 Qd2 40. Qc6 Qa5+ 41. Qa4 Qc5+ 42. Ka2 Qxd5 0-1

[Event "RC-2016-0-00202"]
[Site "LSS email"]
[Date "2016.12.26"]
[Round "?"]
[White "Lisakowski, Christof"]
[Black "Richter, Klaus"]
[Result "1-0"]
[WhiteElo "1761"]
[BlackElo "1675"]
[PlyCount "97"]
[EventDate "2016.11.01"]
[EventType "tourn (corr)"]
[EventRounds "6"]
[EventCountry "GER"]
[SourceTitle "Corr 2022"]
[Source "ChessBase"]
[SourceDate "2021.10.24"]
[SourceVersion "1"]
[SourceVersionDate "2021.10.24"]
[SourceQuality "1"]

1. d4 d5 2. Nf3 Nc6 3. c4 Bg4 4. cxd5 Bxf3 5. gxf3 Qxd5 6. e3 e6 7. Nc3 Qd7 8. f4 Nge7 9. Bg2 0-0-0 10. Bd2 Kb8 11. Rc1 Nd5 12. Na4 Rg8 13. h4 f5 14. a3 h6 15. h5 g5 16. hxg6 Rxg6 17. Bf3 Be7 18. Nc3 Rdg8 19. Ne2 Nd8 20. Qb3 Bf8 21. Kd1 c6 22. Nc3 Nf6 23. Ke2 Nf7 24. Na4 Ne4 25. Bb4 Bd6 26. Bxd6+ Nfxd6 27. Nc5 Nxc5 28. dxc5 Ne4 29. Bxe4 fxe4 30. Rcd1 Qh7 31. Qc3 a6 32. Qe5+ Ka7 33. Rd4 Rf8 34. Rhd1 Rf5 35. Qxe4 Rg7 36. Qxe6 Rxc5 37. Qe4 Rc2+ 38. R1d2 Rxd2+ 39. Kxd2 Qh8 40. Rd6 Rf7 41. Qd4+ Qxd4+ 42. Rxd4 Kb6 43. Ke2 h5 44. Kf3 a5 45. e4 h4 46. f5 Ka6 47. Kg4 Rh7 48. Rd3 Kb5 49. e5 1-0

[Event "RC-2016-0-00202"]
[Site "LSS email"]
[Date "2016.12.25"]
[Round "?"]
[White "Csernus, Robert"]
[Black "Lisakowski, Christof"]
[Result "1/2-1/2"]
[WhiteElo "1815"]
[BlackElo "1761"]
[PlyCount "59"]
[EventDate "2016.11.01"]
[EventType "tourn (corr)"]
[EventRounds "6"]
[EventCountry "GER"]
[SourceTitle "Corr 2022"]
[Source "ChessBase"]
[SourceDate "2021.10.24"]
[SourceVersion "1"]
[SourceVersionDate "2021.10.24"]
[SourceQuality "1"]

1. d4 Nf6 2. c4 e6 3. Nf3 d5 4. Nc3 c6 5. Bg5 h6 6. Bxf6 Qxf6 7. e3 Nd7 8. Bd3 dxc4 9. Bxc4 g6 10. 0-0 Bg7 11. e4 e5 12. d5 Nb6 13. Bb3 0-0 14. h3 Rd8 15. Qe2 cxd5 16. exd5 a5 17. a3 Nd7 18. Rfe1 Nc5 19. Bc2 e4 20. Nd2 Rb8 21. a4 Qa6 22. Qe3 Nd3 23. Bxd3 exd3 24. Nde4 Bd7 25. Nc5 Qc4 26. Nxd3 Re8 27. Qg3 Bxc3 28. bxc3 Qxc3 29. Rac1 Rxe1+ 30. Rxe1 1/2-1/2

[Event "RC-2016-0-00202"]
[Site "LSS email"]
[Date "2016.12.25"]
[Round "?"]
[White "Lisakowski, Christof"]
[Black "Zielaz, Tadeusz"]
[Result "1/2-1/2"]
[WhiteElo "1761"]
[BlackElo "1876"]
[PlyCount "42"]
[EventDate "2016.11.01"]
[EventType "tourn (corr)"]
[EventRounds "6"]
[EventCountry "GER"]
[SourceTitle "Corr 2022"]
[Source "ChessBase"]
[SourceDate "2021.10.24"]
[SourceVersion "1"]
[SourceVersionDate "2021.10.24"]
[SourceQuality "1"]

1. e4 e5 2. Nf3 Nc6 3. Bb5 a6 4. Bxc6 dxc6 5. 0-0 Bg4 6. h3 h5 7. d3 Qf6 8. Nbd2 Ne7 9. Re1 Ng6 10. d4 Bd6 11. hxg4 hxg4 12. Nh2 Rxh2 13. Qxg4 Qh4 14. Qxh4 Rxh4 15. Nf3 Rh5 16. Be3 0-0-0 17. g3 Re8 18. Kg2 f6 19. Bd2 exd4 20. Nxd4 Ne5 21. Bc3 Bc5 1/2-1/2

[Event "LSS ZI-2009-0-00508"]
[Site "LSS email"]
[Date "2009.09.14"]
[Round "?"]
[White "Vlasov, Andrey"]
[Black "Lisakowski, Christof"]
[Result "1/2-1/2"]
[WhiteElo "1689"]
[BlackElo "1104"]
[PlyCount "99"]
[EventDate "2009.09.09"]
[EventType "match (corr)"]
[EventRounds "2"]
[EventCountry "GER"]
[SourceTitle "Telechess CBM 137"]
[Source "ChessBase"]
[SourceDate "2010.07.15"]
[SourceVersion "1"]
[SourceVersionDate "2010.07.15"]
[SourceQuality "1"]

1. e4 c5 2. Nf3 d6 3. d4 cxd4 4. Nxd4 Nf6 5. Nc3 a6 6. Bg5 e6 7. f4 Qb6 8. Qd2 Qxb2 9. Rb1 Qa3 10. e5 dxe5 11. fxe5 h6 12. Bh4 Nfd7 13. Ne4 Qxa2 14. Rd1 Qd5 15. Qe3 Qxe5 16. Be2 Bc5 17. Bg3 Qd5 18. c4 Bxd4 19. Rxd4 Qa5+ 20. Rd2 0-0 21. Bd6 Re8 22. 0-0 Nc6 23. Qg3 Ne7 24. Bc7 Qb4 25. Rxd7 Bxd7 26. Nf6+ Kh8 27. Nxd7 Nf5 28. Qd3 b5 29. cxb5 axb5 30. Bb6 Ra2 31. Bc5 Qb2 32. Rf2 Ra1+ 33. Bf1 Qb1 34. Qxb1 Rxb1 35. g4 Rd8 36. Ne5 Rd5 37. Nxf7+ Kg8 38. gxf5 Kxf7 39. fxe6+ Kxe6 40. Bf8 Rg5+ 41. Rg2 Rf5 42. Rf2 g5 43. Bxh6 b4 44. Kg2 Rxf2+ 45. Kxf2 b3 46. Bd3 Rb2+ 47. Kg3 Rd2 48. Bh7 Rd7 49. Bb1 Kf6 50. Bf8 1/2-1/2

[Event "LSS OP-2009-0-00917"]
[Site "LSS email"]
[Date "2009.08.10"]
[Round "?"]
[White "Bester, Kazimierz"]
[Black "Lisakowski, Christof"]
[Result "0-1"]
[WhiteElo "719"]
[BlackElo "1735"]
[PlyCount "70"]
[EventDate "2009.08.03"]
[EventType "tourn (corr)"]
[EventRounds "4"]
[EventCountry "GER"]
[SourceTitle "Telechess CBM 147"]
[Source "ChessBase"]
[SourceDate "2012.03.16"]
[SourceVersion "1"]
[SourceVersionDate "2012.03.16"]
[SourceQuality "1"]

1. c4 Nf6 2. Nf3 e6 3. d4 d5 4. Bg5 Be7 5. Bh4 dxc4 6. Nc3 a6 7. Qa4+ b5 8. Nxb5 Bd7 9. Qxc4 axb5 10. Qb3 c5 11. dxc5 Qa5+ 12. Qc3 b4 13. Qc4 b3+ 14. Nd2 Bb5 15. Qxb3 Ne4 16. Qe3 Nxd2 17. Qxd2 Qxd2+ 18. Kxd2 Bxh4 19. g3 Bf6 20. Kc2 Bc6 21. Rg1 Be4+ 22. Kc1 Na6 23. f3 Rb8 24. fxe4 Bxb2+ 25. Kb1 Bd4+ 26. Kc2 Bxg1 27. c6 Ke7 28. e3 Nb4+ 29. Kc3 Nxc6 30. Kd3 Rhd8+ 31. Kc4 Ne5+ 32. Kc3 Rdc8+ 33. Kd4 Rb4+ 34. Kxe5 Bxe3 35. Rd1 f6# 0-1

[Event "LSS OP-2009-0-00917"]
[Site "LSS email"]
[Date "2009.08.10"]
[Round "?"]
[White "Lisakowski, Christof"]
[Black "Seris Granier Gonzales, Manuel Angel"]
[Result "1-0"]
[WhiteElo "1104"]
[BlackElo "2287"]
[PlyCount "69"]
[EventDate "2009.08.03"]
[EventType "tourn (corr)"]
[EventRounds "4"]
[EventCountry "GER"]
[SourceTitle "Telechess CBM 137"]
[Source "ChessBase"]
[SourceDate "2010.07.15"]
[SourceVersion "1"]
[SourceVersionDate "2010.07.15"]
[SourceQuality "1"]

1. e4 c5 2. Nf3 d6 3. d4 cxd4 4. Nxd4 Nf6 5. Nc3 a6 6. Be3 e5 7. Nb3 Be6 8. f3 Nbd7 9. g4 Be7 10. Qd2 h6 11. 0-0-0 b5 12. h4 Nb6 13. Qf2 Nfd7 14. Kb1 Qc7 15. Nd5 Bxd5 16. exd5 Nc4 17. Bc1 a5 18. Nd2 a4 19. a3 Rc8 20. Bd3 Nc5 21. Bxc4 bxc4 22. Nxc4 Ne4 23. fxe4 Qxc4 24. Rde1 Bd8 25. g5 hxg5 26. hxg5 Rxh1 27. Rxh1 Qxe4 28. Rh8+ Ke7 29. g6 f6 30. Rg8 Qxg6 31. Qa7+ Rc7 32. Qxa4 Qf7 33. Rh8 Rd7 34. Qg4 Rb7 35. Bh6 1-0

[Event "LSS OP-2009-0-00917"]
[Site "LSS email"]
[Date "2009.08.10"]
[Round "?"]
[White "Molina, Vicente Andres"]
[Black "Lisakowski, Christof"]
[Result "0-1"]
[WhiteElo "814"]
[BlackElo "1735"]
[PlyCount "44"]
[EventDate "2009.08.03"]
[EventType "tourn (corr)"]
[EventRounds "4"]
[EventCountry "GER"]
[SourceTitle "Telechess CBM 147"]
[Source "ChessBase"]
[SourceDate "2012.03.16"]
[SourceVersion "1"]
[SourceVersionDate "2012.03.16"]
[SourceQuality "1"]

1. c4 Nf6 2. Nc3 e5 3. Nf3 Nc6 4. d4 exd4 5. Nxd4 Bb4 6. Nxc6 bxc6 7. a3 Bxc3+ 8. bxc3 0-0 9. g3 Qe7 10. Bg2 Ba6 11. Qa4 Qe5 12. 0-0 Qxc3 13. Bg5 Qxc4 14. Qa5 Qb5 15. Qd2 Qxe2 16. Qf4 Nd5 17. Qh4 f6 18. Bxd5+ cxd5 19. Be3 Qf3 20. Rfd1 d4 21. Rxd4 Bb7 22. Qh3 Qh1# 0-1

[Event "LSS SI-2006-0-00048"]
[Site "LSS email"]
[Date "2006.06.01"]
[Round "?"]
[White "Lisakowski, Christof"]
[Black "Schwarte, Joachim"]
[Result "0-1"]
[WhiteElo "1735"]
[BlackElo "2073"]
[PlyCount "28"]
[EventDate "2006.05.19"]
[EventType "tourn (corr)"]
[EventRounds "10"]
[EventCountry "GER"]
[SourceTitle "Corr 2015"]
[Source "ChessBase"]
[SourceDate "2015.07.17"]
[SourceVersion "1"]
[SourceVersionDate "2015.07.17"]
[SourceQuality "1"]

1. d4 Nf6 2. Nf3 d5 3. e3 e6 4. Bd3 Be7 5. 0-0 Nbd7 6. Nbd2 c5 7. c3 0-0 8. Qe2 b6 9. e4 cxd4 10. cxd4 dxe4 11. Nxe4 Bb7 12. Bf4 Nxe4 13. Bxe4 Bxe4 14. Qxe4 Nf6 0-1

[Event "IECG SI.2006.0.00048"]
[Site "IECG email"]
[Date "2006.05.19"]
[Round "?"]
[White "Chovanec, Vladimir"]
[Black "Lisakowski, Christof"]
[Result "1-0"]
[WhiteElo "1873"]
[BlackElo "1803"]
[PlyCount "39"]
[EventDate "2006.05.19"]
[EventType "tourn (corr)"]
[EventRounds "6"]
[SourceTitle "Corr 2008"]
[Source "ChessBase"]
[SourceDate "2008.06.24"]
[SourceVersion "1"]
[SourceVersionDate "2008.06.24"]
[SourceQuality "1"]

1. e4 c5 2. Nf3 d6 3. c3 Nf6 4. Be2 g6 5. 0-0 Bg7 6. Bb5+ Bd7 7. Bxd7+ Qxd7 8. Re1 0-0 9. d4 Na6 10. d5 c4 11. b4 Ng4 12. a3 Nc7 13. Qe2 a5 14. Qxc4 axb4 15. Bb2 bxc3 16. Nxc3 Na6 17. Rec1 Rfc8 18. Qe2 Nc5 19. Rab1 Nb3 20. Rc2 1-0